[Event "Casma U2100 2nd"]
[Site "Casma"]
[Date "2017.02.04"]
[Round "4.8"]
[White "Moreno, William"]
[Black "Fernandez Bances, Dennis"]
[Result "1-0"]
[WhiteElo "2083"]
[BlackElo "1802"]
[PlyCount "69"]
[EventDate "2017.02.03"]
[EventType "swiss"]
[EventRounds "7"]
[EventCountry "PER"]
[SourceTitle "EXT 2024"]
[Source "ChessBase"]
[SourceDate "2023.10.10"]
[SourceVersion "1"]
[SourceVersionDate "2023.10.10"]
[SourceQuality "1"]

1. d4 Nf6 2. c4 c6 3. Nc3 d5 4. Nf3 dxc4 5. a4 g6 6. e4 Bg4 7. Bxc4 Bxf3 8. Qb3 e6 9. gxf3 Qc8 10. e5 Nd5 11. Ne4 Be7 12. Bg5 Qc7 13. Bxe7 Qxe7 14. Nd6+ Kf8 15. h4 h5 16. f4 Qc7 17. a5 Na6 18. Kf1 Nab4 19. Rg1 Rd8 20. Ne4 Qe7 21. Ra4 Qxh4 22. Rxb4 Qxf4 23. Bxd5 Rxd5 24. Qe3 Qxe3 25. fxe3 Rxa5 26. Rxb7 Rb5 27. Rxa7 Rxb2 28. Ng5 h4 29. Rxf7+ Ke8 30. Rf2 Rb1+ 31. Kg2 Rb3 32. Ra1 Rb8 33. Ra7 c5 34. Nf7 h3+ 35. Kh2 1-0

[Event "Casma U2100 2nd"]
[Site "Casma"]
[Date "2017.02.03"]
[Round "2.4"]
[White "Moreno, William"]
[Black "Bedoya Rosales, Luis"]
[Result "1-0"]
[WhiteElo "2083"]
[BlackElo "1867"]
[PlyCount "64"]
[EventDate "2017.02.03"]
[EventType "swiss"]
[EventRounds "7"]
[EventCountry "PER"]
[SourceTitle "EXT 2024"]
[Source "ChessBase"]
[SourceDate "2023.10.10"]
[SourceVersion "1"]
[SourceVersionDate "2023.10.10"]
[SourceQuality "1"]

1. d4 Nf6 2. c4 g6 3. Nc3 Bg7 4. e4 d6 5. f4 0-0 6. Nf3 Bg4 7. Be3 Nfd7 8. Be2 c5 9. d5 Bxf3 10. Bxf3 b5 11. cxb5 a6 12. bxa6 Qb6 13. Qe2 Bd4 14. 0-0 Bxe3+ 15. Qxe3 Nxa6 16. Rf2 Rfb8 17. e5 c4 18. Qe2 Qa7 19. e6 Ndc5 20. exf7+ Kxf7 21. Be4 Nxe4 22. Nxe4 Nc5 23. Ng5+ Kg8 24. Kh1 h6 25. Ne6 Nd3 26. Rff1 Rxb2 27. Qg4 Kh7 28. f5 g5 29. Qh5 Rg8 30. h3 Nf2+ 31. Kh2 Qe3 32. Rae1 Re2 1-0

[Event "Trujillo Interclubes"]
[Site "Trujillo"]
[Date "2016.07.23"]
[Round "6"]
[White "Saldana Diaz, Juan"]
[Black "Moreno, William"]
[Result "1/2-1/2"]
[WhiteElo "2057"]
[BlackElo "2038"]
[PlyCount "39"]
[EventDate "2016.07.09"]
[EventType "team-swiss"]
[EventRounds "6"]
[EventCountry "PER"]
[SourceTitle "EXT 2018"]
[Source "ChessBase"]
[SourceDate "2017.10.13"]
[SourceVersion "1"]
[SourceVersionDate "2017.10.13"]
[SourceQuality "1"]

1. e4 c5 2. Nc3 Nc6 3. f4 g6 4. Nf3 Bg7 5. Bc4 e6 6. a4 Nge7 7. d3 d5 8. Bb3 0-0 9. 0-0 a6 10. e5 Rb8 11. Ne2 b5 12. axb5 axb5 13. c3 c4 14. Bc2 cxd3 15. Bxd3 b4 16. Be3 bxc3 17. bxc3 f6 18. exf6 Bxf6 19. Ned4 Bd7 20. g4 1/2-1/2

[Event "Trujillo"]
[Site "Trujillo"]
[Date "2016.07.19"]
[Round "3"]
[White "Moreno, William"]
[Black "Saavedra Valverde, Luis"]
[Result "1-0"]
[WhiteElo "2038"]
[BlackElo "1953"]
[PlyCount "65"]
[EventDate "2016.07.18"]
[EventType "tourn"]
[EventRounds "10"]
[EventCountry "PER"]
[SourceTitle "EXT 2018"]
[Source "ChessBase"]
[SourceDate "2017.10.13"]
[SourceVersion "1"]
[SourceVersionDate "2017.10.13"]
[SourceQuality "1"]

1. d4 d5 2. c4 e6 3. Nc3 Nf6 4. Bg5 Bb4 5. cxd5 exd5 6. e3 0-0 7. Bd3 h6 8. Bh4 c6 9. Nf3 Nbd7 10. 0-0 Be7 11. Qc2 Re8 12. Bg3 Nh5 13. Nxd5 Nxg3 14. Nxe7+ Qxe7 15. hxg3 Nf6 16. a3 a5 17. Ne5 Be6 18. Rac1 Rec8 19. Qc5 Qd8 20. Rfd1 a4 21. Nc4 Bxc4 22. Bxc4 Ra5 23. Qb4 Qc7 24. Ba2 Rd8 25. Rc5 Raa8 26. Rdc1 Qd7 27. Re5 Re8 28. Rxe8+ Rxe8 29. Qxa4 Ng4 30. Bb1 g6 31. d5 h5 32. dxc6 bxc6 33. Rd1 1-0

[Event "Trujillo Interclubes"]
[Site "Trujillo"]
[Date "2016.07.16"]
[Round "3"]
[White "Moreno, William"]
[Black "Ascoy, Adolfo"]
[Result "1/2-1/2"]
[WhiteElo "2038"]
[BlackElo "2150"]
[PlyCount "82"]
[EventDate "2016.07.09"]
[EventType "team-swiss"]
[EventRounds "6"]
[EventCountry "PER"]
[SourceTitle "EXT 2018"]
[Source "ChessBase"]
[SourceDate "2017.10.13"]
[SourceVersion "1"]
[SourceVersionDate "2017.10.13"]
[SourceQuality "1"]

1. d4 Nf6 2. c4 g6 3. Nc3 Bg7 4. e4 d6 5. Be2 0-0 6. Nf3 e5 7. Be3 exd4 8. Nxd4 Nc6 9. 0-0 Re8 10. f3 Nh5 11. Qd2 Nf4 12. Rfd1 Nxe2+ 13. Ncxe2 Ne5 14. Rac1 a5 15. Nb5 Bd7 16. Ned4 c5 17. Nxd6 cxd4 18. Bxd4 Bc6 19. Nxe8 Qxe8 20. Qc3 f6 21. Bb6 Nd7 22. Bd4 Qe6 23. b3 Bf8 24. Rc2 Bb4 25. Qb2 a4 26. Re2 a3 27. Qc2 Re8 28. Re3 b6 29. Qf2 Bf8 30. Red3 Nc5 31. Re3 Rd8 32. Kh1 Qd7 33. b4 Ne6 34. Red3 Nf4 35. R3d2 Qe6 36. b5 Be8 37. Be3 Rxd2 38. Qxd2 Nh5 39. Qd8 Qf7 40. Qxb6 Qxc4 41. Bd4 Qb4 1/2-1/2

[Event "Sullana Norte op"]
[Site "Sullana"]
[Date "2015.03.22"]
[Round "5"]
[White "Flores Arroyo, Luis"]
[Black "Moreno, William"]
[Result "1-0"]
[WhiteElo "2114"]
[BlackElo "2079"]
[PlyCount "117"]
[EventDate "2015.03.20"]
[EventType "swiss"]
[EventRounds "6"]
[EventCountry "PER"]
[SourceTitle "CBM 165 Extra"]
[Source "ChessBase"]
[SourceDate "2015.04.21"]
[SourceVersion "1"]
[SourceVersionDate "2015.04.21"]
[SourceQuality "1"]

1. e4 g6 2. d4 Bg7 3. Nc3 d6 4. Be3 c6 5. Qd2 b5 6. Bd3 Nd7 7. f4 Ngf6 8. Nf3 0-0 9. h3 b4 10. Ne2 c5 11. dxc5 Nxc5 12. Ng3 Bb7 13. Qxb4 a5 14. Qd2 Nfxe4 15. Nxe4 Nxe4 16. Bxe4 Bxe4 17. Bd4 e5 18. fxe5 Bxf3 19. gxf3 dxe5 20. Bc3 Qf6 21. Qf2 a4 22. a3 Rfd8 23. 0-0 Qf5 24. Kg2 Bh6 25. Qh4 Bf4 26. Rf2 Rd5 27. Re1 h5 28. Rfe2 Rc8 29. Re4 Bd2 30. Rxe5 Qd7 31. Rxd5 Qxd5 32. Rd1 Qg5+ 33. Qxg5 Bxg5 34. Rd5 f6 35. Rd6 Kf7 36. f4 Bh4 37. Kf3 Ke7 38. Ra6 Rc4 39. Rb6 Kf7 40. Rb4 Rxb4 41. Bxb4 f5 42. b3 axb3 43. cxb3 Ke6 44. a4 Kd5 45. Ke3 Bf6 46. Kd3 Bd4 47. Bd2 Bc5 48. b4 Bd6 49. b5 Kc5 50. Kc3 Be7 51. Be3+ Kd5 52. b6 Bd6 53. a5 Ke4 54. a6 Kxe3 55. a7 Bxf4 56. a8Q Be5+ 57. Kc4 g5 58. Qe8 Kf4 59. Kd5 1-0

[Event "Sullana Norte op"]
[Site "Sullana"]
[Date "2015.03.21"]
[Round "3"]
[White "Vera Tavara, Jeffry"]
[Black "Moreno, William"]
[Result "0-1"]
[WhiteElo "1778"]
[BlackElo "2079"]
[PlyCount "136"]
[EventDate "2015.03.20"]
[EventType "swiss"]
[EventRounds "6"]
[EventCountry "PER"]
[SourceTitle "CBM 165 Extra"]
[Source "ChessBase"]
[SourceDate "2015.04.21"]
[SourceVersion "1"]
[SourceVersionDate "2015.04.21"]
[SourceQuality "1"]

1. e4 g6 2. d4 Bg7 3. Nf3 d6 4. Bc4 Nf6 5. Nc3 0-0 6. h3 Nxe4 7. Nxe4 d5 8. Bxd5 Qxd5 9. Nc3 Qd6 10. 0-0 c6 11. Ne4 Qc7 12. c3 Nd7 13. Re1 c5 14. dxc5 Nxc5 15. Qd5 Ne6 16. Qb3 Bd7 17. Be3 Bc6 18. Nfd2 Nf4 19. Bxf4 Qxf4 20. Qc2 Rad8 21. Nf3 Rd7 22. Nc5 Rc7 23. Nd3 Qf5 24. Nb4 Qxc2 25. Nxc2 Bxf3 26. gxf3 Rd8 27. Red1 Rcd7 28. Ne3 f5 29. Rxd7 Rxd7 30. Rd1 Rxd1+ 31. Nxd1 Kf7 32. Kf1 Kf6 33. Ne3 Bh6 34. Ke2 Ke5 35. Nc4+ Kd5 36. Kd3 e5 37. Ne3+ Kc5 38. b3 Bg5 39. a4 Bh4 40. Nd1 b6 41. b4+ Kd5 42. c4+ Ke6 43. c5 bxc5 44. b5 Bd8 45. Kc4 Bb6 46. Ne3 Kd6 47. Nd5 Bd8 48. Nc3 Ba5 49. Nd5 Be1 50. b6 axb6 51. Nxb6 Bxf2 52. Kb5 e4 53. fxe4 fxe4 54. Kc4 Kc6 55. a5 e3 56. Kd3 Kb5 57. Nc4 g5 58. Nd6+ Kxa5 59. Ne4 Kb4 60. Nc3 c4+ 61. Kc2 h5 62. Nd5+ Kc5 63. Nc3 g4 64. hxg4 hxg4 65. Ne2 g3 66. Nf4 Kd4 67. Ne2+ Ke4 68. Kc3 g2 0-1

[Event "Piura op 7th"]
[Site "Piura"]
[Date "2013.09.22"]
[Round "6"]
[White "Huamanchumo Neira, Mario"]
[Black "Moreno, William"]
[Result "1/2-1/2"]
[WhiteElo "1853"]
[BlackElo "2093"]
[PlyCount "79"]
[EventDate "2013.09.20"]
[EventType "swiss"]
[EventRounds "7"]
[EventCountry "PER"]
[SourceTitle "CBM 156 Extra"]
[Source "ChessBase"]
[SourceDate "2013.10.22"]
[SourceVersion "1"]
[SourceVersionDate "2013.10.22"]
[SourceQuality "1"]

1. e4 c5 2. Nf3 Nc6 3. Nc3 g6 4. Bc4 Bg7 5. 0-0 e6 6. Re1 d6 7. Ne2 a6 8. c3 b5 9. Bb3 Nge7 10. d4 c4 11. Bc2 d5 12. Ng3 0-0 13. h4 dxe4 14. Bxe4 Nd5 15. h5 Bb7 16. hxg6 hxg6 17. Bg5 Qd6 18. Bc2 b4 19. Ne4 Qc7 20. Qd2 Rfe8 21. Nc5 Rab8 22. Rac1 Qa5 23. Be4 bxc3 24. bxc3 Nce7 25. Bf4 Nxf4 26. Nxb7 Rxb7 27. Bxb7 Nd3 28. Rb1 Nxe1 29. Nxe1 Rb8 30. Rb4 Nf5 31. Be4 Rxb4 32. cxb4 Qa3 33. Nf3 c3 34. Qd3 Qxb4 35. Qxa6 Nxd4 36. Nxd4 Bxd4 37. Qe2 Bc5 38. Bc2 Qb2 39. a4 Qc1+ 40. Qd1 1/2-1/2

[Event "Piura op 7th"]
[Site "Piura"]
[Date "2013.09.21"]
[Round "5"]
[White "Moreno, William"]
[Black "Saavedra Valverde, Luis"]
[Result "0-1"]
[WhiteElo "2093"]
[BlackElo "1921"]
[PlyCount "82"]
[EventDate "2013.09.20"]
[EventType "swiss"]
[EventRounds "7"]
[EventCountry "PER"]
[SourceTitle "CBM 156 Extra"]
[Source "ChessBase"]
[SourceDate "2013.10.22"]
[SourceVersion "1"]
[SourceVersionDate "2013.10.22"]
[SourceQuality "1"]

1. d4 f5 2. Nf3 Nf6 3. g3 g6 4. Bg2 e6 5. 0-0 d5 6. b3 Bg7 7. Ba3 Bf8 8. Bxf8 Kxf8 9. c4 c6 10. Nbd2 h6 11. Ne5 Kg7 12. Ndf3 Bd7 13. Nd3 Qe7 14. h4 Be8 15. Qc1 Nbd7 16. Qf4 Rc8 17. Rac1 Ne4 18. cxd5 g5 19. d6 Qf6 20. Qe3 gxh4 21. Nxh4 Nxd6 22. Nf4 Bf7 23. Nf3 Rhe8 24. Ne5 Nb6 25. Nxf7 Kxf7 26. Nd3 Nd5 27. Ne5+ Kg7 28. Qd2 Qg5 29. e3 Re7 30. Rc5 Rg8 31. Rfc1 Ne4 32. Bxe4 fxe4 33. Kg2 Kh7 34. Rh1 Qf6 35. Qe2 Rg5 36. Rh4 Reg7 37. Rxe4 a6 38. Rh4 Rxe5 39. dxe5 Qxh4 40. Rc4 Qg5 41. Rh4 Nxe3+ 0-1

[Event "Sullana Binacional op"]
[Site "Sullana"]
[Date "2012.05.05"]
[Round "3"]
[White "Leiva Rodriguez, Jeammarco Giuseppe"]
[Black "Moreno, William"]
[Result "1-0"]
[WhiteElo "2232"]
[BlackElo "2084"]
[PlyCount "47"]
[EventDate "2012.05.04"]
[EventType "swiss"]
[EventRounds "7"]
[EventCountry "PER"]
[SourceTitle "EXT 2013"]
[Source "ChessBase"]
[SourceDate "2012.11.22"]
[SourceVersion "1"]
[SourceVersionDate "2012.11.22"]
[SourceQuality "1"]

1. d4 Nf6 2. Nf3 c5 3. d5 d6 4. Nc3 g6 5. e4 Bg7 6. Nd2 0-0 7. Be2 e6 8. 0-0 exd5 9. exd5 Na6 10. Nc4 Re8 11. Nb5 Bf8 12. Bf4 Nxd5 13. Bg3 Nb6 14. Ncxd6 Re6 15. Bf3 Qe7 16. a4 Nb4 17. a5 Nd7 18. c3 Nc6 19. a6 Nde5 20. Bxe5 Rxe5 21. Nxc8 Rxc8 22. axb7 Rd8 23. Bxc6 Rxd1 24. Raxd1 1-0

[Event "Lima Morales Memorial op 2nd"]
[Site "Lima"]
[Date "2012.01.28"]
[Round "7"]
[White "Mieses, Bruce"]
[Black "Moreno, William"]
[Result "1-0"]
[WhiteElo "1772"]
[BlackElo "2106"]
[PlyCount "102"]
[EventDate "2012.01.21"]
[EventType "swiss"]
[EventRounds "9"]
[EventCountry "PER"]
[SourceTitle "EXT 2014"]
[Source "ChessBase"]
[SourceDate "2013.11.20"]
[SourceVersion "1"]
[SourceVersionDate "2013.11.20"]
[SourceQuality "1"]

1. d4 Nf6 2. Nf3 c5 3. e3 g6 4. Be2 Bg7 5. 0-0 0-0 6. b3 b6 7. Bb2 Bb7 8. Nbd2 d5 9. Ne5 Nfd7 10. Ndf3 f6 11. Nd3 Nc6 12. Nf4 Kf7 13. dxc5 Nxc5 14. Nxd5 e6 15. Nf4 Qe7 16. Qc1 Rac8 17. c4 Rfd8 18. Rd1 Bh6 19. Nd3 Ne4 20. Qc2 Na5 21. Nde1 b5 22. Rxd8 Qxd8 23. Rd1 Qe7 24. Bd3 Nc5 25. Ba3 bxc4 26. Bxc4 Nxc4 27. Qxc4 Bf8 28. Qh4 Kg8 29. Qf4 Ba6 30. Bb2 e5 31. Qg4 Rd8 32. Rc1 Qe6 33. Qh4 Be7 34. h3 Bb7 35. Ba3 Ne4 36. Bxe7 Qxe7 37. Rc4 Nd6 38. Rc1 Be4 39. Nd2 g5 40. Qg4 Bf5 41. Qb4 Qd7 42. Ndf3 Nf7 43. Qc4 Qe7 44. Nc2 Rc8 45. Qe2 Qc5 46. e4 Be6 47. Nfe1 Qa5 48. Qe3 Rc3 49. Qd2 Qc7 50. Rd1 Kg7 51. Ne3 Qc5 1-0

[Event "Cajamarca op 3rd"]
[Site "Cajamarca"]
[Date "2011.03.27"]
[Round "6"]
[White "Benique Cabrera, Cesar Rem"]
[Black "Moreno, William"]
[Result "1-0"]
[WhiteElo "1986"]
[BlackElo "2150"]
[PlyCount "119"]
[EventDate "2011.03.25"]
[EventType "swiss"]
[EventRounds "6"]
[EventCountry "PER"]
[SourceTitle "EXT 2024"]
[Source "ChessBase"]
[SourceDate "2023.10.10"]
[SourceVersion "1"]
[SourceVersionDate "2023.10.10"]
[SourceQuality "1"]

1. e4 g6 2. d4 Bg7 3. Be3 d6 4. Nc3 c6 5. a4 Nf6 6. h3 0-0 7. Nf3 Nbd7 8. Be2 e5 9. dxe5 dxe5 10. Nd2 Qe7 11. Nc4 Nc5 12. Qd6 Qxd6 13. Nxd6 Ne6 14. Bc4 Nd4 15. 0-0-0 Nh5 16. g3 b6 17. Ne2 c5 18. Nxc8 Raxc8 19. c3 Rfd8 20. Bg5 Nxe2+ 21. Bxe2 Bf6 22. Be3 Ng7 23. Bc4 Rxd1+ 24. Kxd1 Rd8+ 25. Kc2 a5 26. Bd5 Nf5 27. Bd2 Ne7 28. Bc4 Kg7 29. h4 h6 30. Be3 Nc6 31. Kb3 Be7 32. Bd5 Na7 33. g4 g5 34. hxg5 Bxg5 35. Bxg5 hxg5 36. Rh5 f6 37. f3 Nc8 38. Rh2 Nd6 39. Ka3 Rh8 40. Rd2 Rd8 41. Kb3 Kf8 42. Rh2 Kg7 43. Be6 Rh8 44. Rd2 Rd8 45. Ka2 Kf8 46. Rh2 Kg7 47. Kb1 Rh8 48. Rd2 Rd8 49. Kc2 Kf8 50. Rh2 Kg7 51. b3 Rh8 52. Rd2 Rd8 53. Bf5 Nf7 54. Rxd8 Nxd8 55. Kd3 Kf7 56. Kc4 Ke7 57. Kb5 Kd6 58. Kxb6 Nc6 59. Be6 Ne7 60. Bc4 1-0

[Event "Cajamarca op 2nd"]
[Site "Cajamarca"]
[Date "2010.12.05"]
[Round "5"]
[White "Moreno, William"]
[Black "Benique Cabrera, Cesar Rem"]
[Result "1-0"]
[WhiteElo "2138"]
[BlackElo "1946"]
[PlyCount "46"]
[EventDate "2010.12.03"]
[EventType "swiss"]
[EventRounds "7"]
[EventCountry "PER"]
[SourceTitle "EXT 2024"]
[Source "ChessBase"]
[SourceDate "2023.10.10"]
[SourceVersion "1"]
[SourceVersionDate "2023.10.10"]
[SourceQuality "1"]

1. d4 Nf6 2. c4 c6 3. Nc3 d5 4. Nf3 a6 5. c5 Bf5 6. Qb3 Ra7 7. Bf4 Nbd7 8. e3 Nh5 9. Be5 f6 10. Bg3 Nxg3 11. hxg3 e5 12. Be2 Qe7 13. Nh4 Qe6 14. 0-0-0 e4 15. g4 Bxg4 16. Bxg4 Qxg4 17. f3 Qg5 18. fxe4 dxe4 19. Qe6+ Kd8 20. Kb1 Kc7 21. Nf5 Qg6 22. b4 Ra8 23. Nd6 f5 1-0

[Event "American Continental 06th"]
[Site "Sao Paulo"]
[Date "2009.07.29"]
[Round "6"]
[White "Castano, Duvan Martin"]
[Black "Moreno, William"]
[Result "1-0"]
[WhiteElo "2337"]
[BlackElo "2191"]
[PlyCount "65"]
[EventDate "2009.07.25"]
[EventType "swiss"]
[EventRounds "11"]
[EventCountry "BRA"]
[SourceTitle "EXT 2022"]
[Source "ChessBase"]
[SourceDate "2021.10.06"]
[SourceVersion "1"]
[SourceVersionDate "2021.10.06"]
[SourceQuality "1"]

1. e4 c5 2. Nc3 g6 3. f4 Bg7 4. Nf3 Nc6 5. Bb5 Nd4 6. 0-0 a6 7. Bc4 b5 8. Bd5 Rb8 9. d3 e6 10. Bb3 d6 11. Nxd4 cxd4 12. Ne2 Ne7 13. Qe1 0-0 14. Bd2 Kh8 15. Qf2 Nc6 16. a4 f5 17. exf5 gxf5 18. axb5 axb5 19. Ng3 Qe8 20. Rfe1 Qg6 21. Qf3 Bd7 22. Bxe6 Bxe6 23. Qxc6 Bg8 24. Bb4 Rfd8 25. Ra7 Bh6 26. Qf3 Rdc8 27. Qf2 Bg7 28. Bxd6 Qxd6 29. Rxg7 Re8 30. Rxe8 Rxe8 31. Nxf5 Qb4 32. h3 Qxb2 33. Qg3 1-0

[Event "Rio de Janeiro zt 2.4"]
[Site "Rio de Janeiro"]
[Date "2009.06.16"]
[Round "9"]
[White "Moreno, William"]
[Black "Mecking, Henrique"]
[Result "1/2-1/2"]
[WhiteElo "2190"]
[BlackElo "2556"]
[PlyCount "38"]
[EventDate "2009.06.08"]
[EventType "tourn"]
[EventRounds "9"]
[EventCountry "BRA"]
[EventCategory "8"]
[SourceTitle "CBM 130 Extra"]
[Source "ChessBase"]
[SourceDate "2009.07.02"]
[SourceVersion "2"]
[SourceVersionDate "2009.07.15"]
[SourceQuality "1"]

1. d4 Nf6 2. c4 e6 3. Nf3 b6 4. g3 Ba6 5. b3 Bb4+ 6. Bd2 Be7 7. Bg2 c6 8. Bc3 d5 9. Nbd2 Nbd7 10. 0-0 0-0 11. Re1 c5 12. e4 dxe4 13. Ng5 Bb7 14. Ndxe4 Qc7 15. dxc5 bxc5 16. Qc2 Nxe4 17. Nxe4 Rfe8 18. Rad1 f5 19. Nd6 Bxd6 1/2-1/2

[Event "Rio de Janeiro zt 2.4"]
[Site "Rio de Janeiro"]
[Date "2009.06.10"]
[Round "3"]
[White "Moreno, William"]
[Black "Zambrana, Oswaldo"]
[Result "0-1"]
[WhiteElo "2190"]
[BlackElo "2473"]
[PlyCount "114"]
[EventDate "2009.06.08"]
[EventType "tourn"]
[EventRounds "9"]
[EventCountry "BRA"]
[EventCategory "8"]
[SourceTitle "CBM 130 Extra"]
[Source "ChessBase"]
[SourceDate "2009.07.02"]
[SourceVersion "2"]
[SourceVersionDate "2009.07.15"]
[SourceQuality "1"]

1. d4 Nf6 2. c4 e6 3. g3 c5 4. d5 exd5 5. cxd5 g6 6. Nc3 Bg7 7. Bg2 d6 8. Nf3 0-0 9. 0-0 Re8 10. Nd2 Nbd7 11. Nc4 Nb6 12. Ne3 a6 13. a4 Ng4 14. Nxg4 Bxg4 15. h3 Bc8 16. e4 Rb8 17. Qc2 Nd7 18. a5 b5 19. axb6 Qxb6 20. Nd1 Qb3 21. Qxb3 Rxb3 22. Ne3 Ne5 23. Kh2 Bf8 24. Ra3 Rxa3 25. bxa3 Bd7 26. f4 Nd3 27. Bd2 Rb8 28. Rf3 Rb3 29. Bf1 Bb5 30. a4 Bxa4 31. Nc4 Nb4 32. Rxb3 Bxb3 33. Bxb4 cxb4 34. e5 Ba4 35. Na5 dxe5 36. fxe5 Bg7 37. Nc6 a5 38. Nxa5 Bxe5 39. Bc4 Kf8 40. Kg2 Bc7 41. Nb3 Ke7 42. Kf3 f5 43. g4 Kd6 44. gxf5 gxf5 45. Kf4 Bd7 46. h4 h6 47. h5 Bd8 48. Kf3 Bg5 49. Na5 Be8 50. Nb7+ Kc7 51. Nc5 Bxh5+ 52. Kg2 Be7 53. Na6+ Kd6 54. Bb3 Ke5 55. Nc7 Be2 56. Kf2 Bd3 57. Ne8 Be4 0-1

[Event "Callao op"]
[Site "Callao"]
[Date "2007.08.14"]
[Round "9"]
[White "Moreno, William"]
[Black "Celis Sanchez, Carlos"]
[Result "0-1"]
[WhiteElo "2194"]
[BlackElo "2244"]
[PlyCount "64"]
[EventDate "2007.08.08"]
[EventType "swiss"]
[EventRounds "9"]
[EventCountry "PER"]
[SourceTitle "CBM 119 Extra"]
[Source "ChessBase"]
[SourceDate "2007.09.04"]
[SourceVersion "1"]
[SourceVersionDate "2007.09.04"]
[SourceQuality "1"]

1. d4 Nf6 2. c4 c5 3. d5 b5 4. cxb5 a6 5. b6 g6 6. Nc3 Bg7 7. a4 a5 8. e4 d6 9. Bb5+ Nfd7 10. Nf3 0-0 11. 0-0 Nxb6 12. h3 Na6 13. Re1 Nb4 14. Bg5 h6 15. Bh4 g5 16. Bg3 f5 17. exf5 Bxf5 18. Rc1 Rc8 19. Re3 Bxc3 20. bxc3 N4xd5 21. Re1 Nf6 22. c4 Ne4 23. Bh2 Nd7 24. Nd2 Nxf2 25. Qh5 Kg7 26. Re3 Nd3 27. Bxd7 Qxd7 28. Rf1 e5 29. h4 Bg4 30. Qxg4 Qxg4 31. Rxd3 Rxf1+ 32. Nxf1 Rf8 0-1

[Event "Callao op"]
[Site "Callao"]
[Date "2007.08.12"]
[Round "6"]
[White "Pacheco, Marco"]
[Black "Moreno, William"]
[Result "1-0"]
[WhiteElo "2405"]
[BlackElo "2194"]
[PlyCount "111"]
[EventDate "2007.08.08"]
[EventType "swiss"]
[EventRounds "9"]
[EventCountry "PER"]
[SourceTitle "CBM 119 Extra"]
[Source "ChessBase"]
[SourceDate "2007.09.04"]
[SourceVersion "1"]
[SourceVersionDate "2007.09.04"]
[SourceQuality "1"]

1. e4 c5 2. c3 d5 3. exd5 Qxd5 4. d4 Nf6 5. dxc5 Qxc5 6. Nf3 Bg4 7. Be2 e6 8. Na3 Be7 9. Be3 Qc8 10. Nb5 Nc6 11. Nd6+ Bxd6 12. Qxd6 Qd8 13. Qa3 Nd5 14. Rd1 Qc7 15. Bc1 0-0-0 16. Qa4 Bxf3 17. Bxf3 Qe5+ 18. Qe4 Nf6 19. Qxe5 Rxd1+ 20. Bxd1 Nxe5 21. Bc2 Rd8 22. Ke2 Nd5 23. Rd1 b5 24. f4 Nc4 25. Rd4 f5 26. h3 Nf6 27. Rxd8+ Kxd8 28. b3 Nd6 29. Be3 Nd5 30. Bd2 Nf6 31. Bd3 Nfe4 32. Ke3 Nxd2 33. Kxd2 Kc7 34. Ke3 Kc6 35. Kd4 Nf7 36. Be2 g6 37. a3 a5 38. Bf3+ Kd6 39. c4 bxc4 40. bxc4 g5 41. c5+ Ke7 42. g3 gxf4 43. gxf4 Kf6 44. c6 Nd6 45. Kc5 Ke7 46. Be2 Ne8 47. a4 Nc7 48. Bf3 h6 49. h4 Na8 50. Kb5 Kd6 51. Kxa5 Kc7 52. Kb5 Nb6 53. a5 Nc8 54. a6 Na7+ 55. Kc5 Nc8 56. Bh5 1-0

[Event "Callao op"]
[Site "Callao"]
[Date "2007.08.11"]
[Round "5"]
[White "Cabrera Huaman, Andres"]
[Black "Moreno, William"]
[Result "1/2-1/2"]
[WhiteElo "2268"]
[BlackElo "2194"]
[PlyCount "138"]
[EventDate "2007.08.08"]
[EventType "swiss"]
[EventRounds "9"]
[EventCountry "PER"]
[SourceTitle "CBM 119 Extra"]
[Source "ChessBase"]
[SourceDate "2007.09.04"]
[SourceVersion "1"]
[SourceVersionDate "2007.09.04"]
[SourceQuality "1"]

1. d4 Nf6 2. Nf3 c5 3. d5 d6 4. c4 e6 5. Nc3 exd5 6. cxd5 g6 7. g3 Bg7 8. Bg2 0-0 9. 0-0 Na6 10. Nd2 Rb8 11. a4 Nc7 12. e4 a6 13. a5 Nb5 14. Nc4 Nh5 15. g4 Nf6 16. h3 Ne8 17. f4 Nxc3 18. bxc3 Bxc3 19. Ra3 Bd4+ 20. Be3 Bxe3+ 21. Rxe3 Bd7 22. Rfe1 Bb5 23. Nb6 f6 24. e5 fxe5 25. fxe5 dxe5 26. Rxe5 Nd6 27. Qc1 Nf7 28. Re7 Qd6 29. R1e6 Qg3 30. Re3 Qd6 31. R3e6 Qg3 32. Re3 Qd6 33. Qc3 Rbe8 34. R7e6 Qf4 35. R3e4 Qc7 36. Qe1 Qd8 37. h4 Nd6 38. Re3 Nc8 39. Nxc8 Qxc8 40. d6 Rxe6 41. Bd5 Kh8 42. Bxe6 Qd8 43. Qc3+ Qf6 44. g5 Qd4 45. Qxd4+ cxd4 46. Re4 Re8 47. Bd5 Rd8 48. Rf4 d3 49. Bb3 h6 50. Rd4 hxg5 51. hxg5 Kg7 52. Kf2 Kf8 53. Ke3 Ke8 54. Be6 Bd7 55. Bd5 Bb5 56. Kd2 Kd7 57. Bf7 Rh8 58. Bxg6 Rh2+ 59. Kc3 Rc2+ 60. Kb3 Rc5 61. Kb4 Rxg5 62. Bxd3 Bxd3 63. Rxd3 Rb5+ 64. Ka4 Rb1 65. Rd2 Rb5 66. Rd3 Rb1 67. Rd2 Rc1 68. Rd4 Rb1 69. Rd3 Rb5 1/2-1/2

[Event "American Continental 04th"]
[Site "Cali"]
[Date "2007.07.20"]
[Round "11"]
[White "Beltran, Carlos Armando"]
[Black "Moreno, William"]
[Result "1/2-1/2"]
[WhiteElo "1885"]
[BlackElo "2194"]
[PlyCount "82"]
[EventDate "2007.07.10"]
[EventType "swiss"]
[EventRounds "11"]
[EventCountry "COL"]
[SourceTitle "CBM 119 Extra"]
[Source "ChessBase"]
[SourceDate "2007.09.04"]
[SourceVersion "1"]
[SourceVersionDate "2007.09.04"]
[SourceQuality "1"]

1. Nf3 g6 2. c4 Bg7 3. Nc3 Nf6 4. d4 c5 5. e4 cxd4 6. Nxd4 d6 7. Be2 Nc6 8. 0-0 0-0 9. Be3 Bd7 10. Rc1 Nxd4 11. Bxd4 Bc6 12. f3 a5 13. Qd2 Nd7 14. Be3 Nc5 15. Nd5 e6 16. Nc3 Qe7 17. Rfd1 Rfd8 18. Bg5 f6 19. Be3 f5 20. Bg5 Bf6 21. Bxf6 Qxf6 22. Qe3 fxe4 23. fxe4 Qe5 24. Bf3 Rd7 25. Rd2 Rf8 26. Rcd1 b6 27. Qe2 Rf6 28. Rd4 g5 29. Qd2 Nb7 30. Rd3 Rh6 31. g3 Rf6 32. Bg2 Qc5+ 33. Qe3 e5 34. Qxc5 Nxc5 35. R3d2 Kf8 36. Bh3 Rd8 37. Bf5 h6 38. b3 Ke7 39. Re1 Ra8 40. Re3 Na6 41. Rb2 Nc5 1/2-1/2

[Event "American Continental 04th"]
[Site "Cali"]
[Date "2007.07.18"]
[Round "9"]
[White "Moreno, William"]
[Black "Sequera Paolini, Jose Rafael"]
[Result "0-1"]
[WhiteElo "2194"]
[BlackElo "2432"]
[PlyCount "82"]
[EventDate "2007.07.10"]
[EventType "swiss"]
[EventRounds "11"]
[EventCountry "COL"]
[SourceTitle "CBM 119 Extra"]
[Source "ChessBase"]
[SourceDate "2007.09.04"]
[SourceVersion "1"]
[SourceVersionDate "2007.09.04"]
[SourceQuality "1"]

1. d4 f5 2. g3 Nf6 3. Bg2 g6 4. Nf3 Bg7 5. 0-0 0-0 6. b3 d6 7. Bb2 a5 8. c4 Qe8 9. Nbd2 h6 10. Re1 g5 11. e4 fxe4 12. Nxe4 Bg4 13. Nxf6+ Bxf6 14. h3 Bh5 15. g4 Bg6 16. Qd2 Nd7 17. h4 gxh4 18. Qxh6 c6 19. Nxh4 Bh7 20. g5 Bg7 21. Qe6+ Kh8 22. g6 Bf6 23. gxh7 Bxh4 24. d5+ Ne5 25. Rxe5 dxe5 26. Bxe5+ Bf6 27. d6 Qh5 28. Bxf6+ exf6 29. d7 Qf7 30. Qd6 Rad8 31. Rd1 f5 32. Qc7 f4 33. Bf3 Kxh7 34. Be4+ Kh8 35. Rd3 Qe7 36. Bf3 Qe1+ 37. Kh2 Kg7 38. Bg2 Rh8+ 39. Rh3 Rxh3+ 40. Bxh3 Qxf2+ 41. Kh1 Qe1+ 0-1